000 00350nam a2200169Ia 4500
100 _aFee/Kenneth
650 _aE-Learning
942 _cBK
366 _f25
654 _aE-learning
245 _aDelivering E-Learning
260 _bKogan Page
_c2010
082 _a371.33
_bFEE
300 _a180
546 _aENGLISH
_celectronics
999 _c32314
_d32314